[Event "S16 a S20"]
[Site "Cambrils"]
[Date "2023.04.05"]
[Round "7.1"]
[White "Masague Artero, Guerau"]
[Black "Ibarz Guasch, Maria"]
[Result "1-0"]
[TimeControl "90'+30\""]
[WhiteTitle "FM"]
[WhiteFideId "32098952"]
[WhiteElo "2302"]
[BlackElo "1552"]

1. d4 {[%clk 01:29:50]} {[%emt 00:01:09]} d5 {[%clk 01:30:41]} {[%emt
00:00:20]} 2. c4 {[%clk 01:30:04]} {[%emt 00:00:16]} e6 {[%clk 01:30:49]}
{[%emt 00:00:22]} 3. Nc3 {[%clk 01:29:03]} {[%emt 00:01:30]} Nf6 {[%clk
01:29:26]} {[%emt 00:01:54]} 4. Bg5 {[%clk 01:29:11]} {[%emt 00:00:22]} Nbd7
{[%clk 01:28:52]} {[%emt 00:01:05]} 5. e3 {[%clk 01:29:23]} {[%emt 00:00:16]}
c6 {[%clk 01:28:26]} {[%emt 00:00:58]} 6. cxd5 {[%clk 01:27:25]} {[%emt
00:02:27]} exd5 {[%clk 01:27:22]} {[%emt 00:01:34]} 7. Bd3 {[%clk 01:26:07]}
{[%emt 00:01:48]} Be7 {[%clk 01:20:01]} {[%emt 00:07:51]} 8. Qc2 {[%clk
01:25:58]} {[%emt 00:00:38]} O-O {[%clk 01:19:35]} {[%emt 00:00:57]} 9. Nge2
{[%clk 01:26:10]} {[%emt 00:00:17]} b6 {[%clk 01:14:38]} {[%emt 00:05:29]} 10.
O-O {[%clk 01:25:40]} {[%emt 00:00:58]} Bb7 {[%clk 01:14:14]} {[%emt 00:00:56]}
11. Rad1 {[%clk 01:25:16]} {[%emt 00:00:53]} Re8 {[%clk 01:08:25]} {[%emt
00:06:20]} 12. f3 {[%clk 01:25:08]} {[%emt 00:00:37]} c5 {[%clk 01:00:56]}
{[%emt 00:07:59]} 13. Bf5 {[%clk 01:22:51]} {[%emt 00:02:47]} h6 {[%clk
00:51:54]} {[%emt 00:09:32]} 14. Bh4 {[%clk 01:22:49]} {[%emt 00:00:31]} c4
{[%clk 00:41:50]} {[%emt 00:10:35]} 15. Bg3 {[%clk 01:20:35]} {[%emt 00:02:44]}
a6 {[%clk 00:37:40]} {[%emt 00:04:40]} 16. e4 {[%clk 01:18:26]} {[%emt
00:02:38]} Nf8 {[%clk 00:32:37]} {[%emt 00:05:35]} 17. Nf4 {[%clk 01:15:14]}
{[%emt 00:03:41]} g5 {[%clk 00:26:37]} {[%emt 00:06:31]} 18. Nfxd5 {[%clk
01:11:54]} {[%emt 00:03:50]} Nxd5 {[%clk 00:24:09]} {[%emt 00:02:58]} 19. Nxd5
{[%clk 01:12:17]} {[%emt 00:00:07]} Bxd5 {[%clk 00:23:31]} {[%emt 00:01:09]} 20.
exd5 {[%clk 01:12:40]} {[%emt 00:00:07]} b5 {[%clk 00:22:47]} {[%emt 00:01:14]}
21. Rfe1 {[%clk 01:12:18]} {[%emt 00:00:51]} Bf6 {[%clk 00:19:05]} {[%emt
00:04:13]} 22. Be5 {[%clk 01:11:01]} {[%emt 00:01:45]} Qb6 {[%clk 00:14:34]}
{[%emt 00:05:02]} 23. Kh1 {[%clk 01:10:01]} {[%emt 00:01:29]} Rad8 {[%clk
00:14:08]} {[%emt 00:00:56]} 24. d6 {[%clk 01:07:07]} {[%emt 00:03:24]} Bg7
{[%clk 00:13:51]} {[%emt 00:00:47]} 25. b3 {[%clk 01:05:53]} {[%emt 00:01:44]}
Qc6 {[%clk 00:07:44]} {[%emt 00:06:37]} 26. Rc1 {[%clk 01:04:02]} {[%emt
00:02:20]} Ne6 {[%clk 00:06:25]} {[%emt 00:01:50]} 27. Red1 {[%clk 01:00:49]}
{[%emt 00:03:42]} Bxe5 {[%clk 00:04:22]} {[%emt 00:02:34]} 28. dxe5 {[%clk
01:01:13]} {[%emt 00:00:06]} Ng7 {[%clk 00:04:43]} {[%emt 00:00:09]} 29. Be4
{[%clk 00:59:29]} {[%emt 00:02:14]} Qc8 {[%clk 00:03:51]} {[%emt 00:01:22]} 30.
bxc4 {[%clk 00:59:23]} {[%emt 00:00:36]} bxc4 {[%clk 00:03:49]} {[%emt
00:00:32]} 31. Rd5 {[%clk 00:59:34]} {[%emt 00:00:19]} Ne6 {[%clk 00:00:56]}
{[%emt 00:03:23]} 32. Bf5 {[%clk 00:58:25]} {[%emt 00:01:38]} Qc6 {[%clk
00:00:56]} {[%emt 00:00:31]} 33. Be4 {[%clk 00:53:00]} {[%emt 00:05:55]} Nf4
{[%clk 00:01:18]} {[%emt 00:00:08]} 34. Rdd1 {[%clk 00:52:39]} {[%emt
00:00:50]} Qc5 {[%clk 00:00:51]} {[%emt 00:00:58]} 35. g3 {[%clk 00:52:44]}
{[%emt 00:00:25]} Ne6 {[%clk 00:00:47]} {[%emt 00:00:34]} 36. Rd5 {[%clk
00:49:34]} {[%emt 00:03:39]} Qc8 {[%clk 00:00:41]} {[%emt 00:00:36]} 37. Qxc4
{[%clk 00:49:45]} {[%emt 00:00:18]} Qxc4 {[%clk 00:00:44]} {[%emt 00:00:27]} 38.
Rxc4 {[%clk 00:50:08]} {[%emt 00:00:07]} Rd7 {[%clk 00:01:05]} {[%emt
00:00:09]} 39. Ra5 {[%clk 00:50:03]} {[%emt 00:00:35]} Ra7 {[%clk 00:00:53]}
{[%emt 00:00:43]} 40. Bd5 {[%clk 00:50:21]} {[%emt 00:00:12]} Rd8 {[%clk
00:00:34]} {[%emt 00:00:49]} 41. Kg2 {[%clk 00:50:30]} {[%emt 00:00:20]} Kf8
{[%clk 00:00:34]} {[%emt 00:00:30]} 42. Kh3 {[%clk 00:48:59]} {[%emt 00:02:00]}
Kg7 {[%clk 00:00:32]} {[%emt 00:00:33]} 43. Bxe6 {[%clk 00:48:11]} {[%emt
00:01:18]} fxe6 {[%clk 00:01:01]} {[%emt 00:00:01]} 44. Rc7+ {[%clk 00:48:29]}
{[%emt 00:00:12]} Rxc7 {[%clk 00:01:24]} {[%emt 00:00:07]} 45. dxc7 {[%clk
00:48:55]} {[%emt 00:00:04]} Rc8 {[%clk 00:00:59]} {[%emt 00:00:54]} 46. Rxa6
{[%clk 00:49:13]} {[%emt 00:00:12]} Rxc7 {[%clk 00:01:19]} {[%emt 00:00:10]} 47.
Rxe6 {[%clk 00:49:19]} {[%emt 00:00:24]} Rc2 {[%clk 00:00:55]} {[%emt
00:00:54]} 48. a4 {[%clk 00:49:37]} {[%emt 00:00:12]} Ra2 {[%clk 00:00:43]}
{[%emt 00:00:42]} 49. Kg4 {[%clk 00:49:44]} {[%emt 00:00:23]} Rxa4+ {[%clk
00:00:41]} {[%emt 00:00:32]} 50. Kh5 {[%clk 00:50:06]} {[%emt 00:00:07]} Ra2
{[%clk 00:00:45]} {[%emt 00:00:27]} 51. Rg6+ {[%clk 00:50:24]} {[%emt
00:00:13]} Kf7 {[%clk 00:00:48]} {[%emt 00:00:27]} 52. Kxh6 {[%clk 00:50:45]}
{[%emt 00:00:09]} Rxh2+ {[%clk 00:00:48]} {[%emt 00:00:30]} 53. Kxg5 {[%clk
00:51:08]} {[%emt 00:00:07]} 1-0

[Event "S16 a S20"]
[Site "Cambrils"]
[Date "2023.04.05"]
[Round "7.2"]
[White "Alfonso Pellisa, Aaron"]
[Black "Rocamora Martorell, Ferran"]
[Result "1/2-1/2"]
[TimeControl "90'+30\""]
[BlackFideId "54524130"]
[WhiteElo "2035"]
[BlackElo "2087"]

1. e4 {[%clk 01:30:57]} {[%emt 00:00:02]} e5 {[%clk 01:28:55]} {[%emt
00:02:05]} 2. Nf3 {[%clk 01:30:52]} {[%emt 00:00:35]} Nf6 {[%clk 01:28:27]}
{[%emt 00:00:58]} 3. Nxe5 {[%clk 01:30:27]} {[%emt 00:00:55]} Nxe4 {[%clk
01:13:04]} {[%emt 00:15:53]} 4. Qe2 {[%clk 01:28:52]} {[%emt 00:02:05]} Qe7
{[%clk 01:13:12]} {[%emt 00:00:22]} 5. Qxe4 {[%clk 01:28:21]} {[%emt 00:01:01]}
d6 {[%clk 01:13:34]} {[%emt 00:00:08]} 6. d4 {[%clk 01:28:02]} {[%emt
00:00:49]} dxe5 {[%clk 01:13:42]} {[%emt 00:00:22]} 7. dxe5 {[%clk 01:27:05]}
{[%emt 00:01:26]} Nc6 {[%clk 01:13:52]} {[%emt 00:00:20]} 8. Bf4 {[%clk
01:23:33]} {[%emt 00:04:01]} g5 {[%clk 01:12:13]} {[%emt 00:02:09]} 9. Bg3
{[%clk 01:23:37]} {[%emt 00:00:26]} f5 {[%clk 01:12:37]} {[%emt 00:00:07]} 10.
Qe2 {[%clk 01:21:22]} {[%emt 00:02:45]} f4 {[%clk 01:11:37]} {[%emt 00:01:30]}
11. Qh5+ {[%clk 01:21:33]} {[%emt 00:00:19]} Kd8 {[%clk 01:11:20]} {[%emt
00:00:48]} 12. Nc3 {[%clk 01:21:51]} {[%emt 00:00:12]} Qxe5+ {[%clk 01:00:21]}
{[%emt 00:11:28]} 13. Be2 {[%clk 01:21:21]} {[%emt 00:01:00]} Bd6 {[%clk
00:54:25]} {[%emt 00:06:25]} 14. O-O-O {[%clk 01:21:06]} {[%emt 00:00:45]} Be6
{[%clk 00:49:19]} {[%emt 00:05:36]} 15. Rhe1 {[%clk 01:20:11]} {[%emt
00:01:25]} fxg3 {[%clk 00:39:25]} {[%emt 00:10:26]} 16. hxg3 {[%clk 01:20:07]}
{[%emt 00:00:33]} Qg7 {[%clk 00:28:34]} {[%emt 00:11:22]} 17. Ne4 {[%clk
01:19:08]} {[%emt 00:01:29]} Qg6 {[%clk 00:26:16]} {[%emt 00:02:49]} 18. Nxg5
{[%clk 01:17:40]} {[%emt 00:01:58]} Bf5 {[%clk 00:22:46]} {[%emt 00:04:01]} 19.
Nf7+ {[%clk 01:17:34]} {[%emt 00:00:34]} Kd7 {[%clk 00:22:35]} {[%emt
00:00:42]} 20. Qxg6 {[%clk 01:15:55]} {[%emt 00:02:09]} hxg6 {[%clk 00:22:19]}
{[%emt 00:00:46]} 21. Nxh8 {[%clk 01:16:18]} {[%emt 00:00:07]} Rxh8 {[%clk
00:22:39]} {[%emt 00:00:09]} 22. Bc4 {[%clk 01:13:14]} {[%emt 00:03:34]} g5
{[%clk 00:20:07]} {[%emt 00:03:02]} 23. Rh1 {[%clk 01:09:27]} {[%emt 00:04:18]}
Rf8 {[%clk 00:16:32]} {[%emt 00:04:05]} 24. a3 {[%clk 01:04:31]} {[%emt
00:05:26]} Kc8 {[%clk 00:16:00]} {[%emt 00:01:02]} 25. Rh6 {[%clk 01:01:54]}
{[%emt 00:03:06]} Bd7 {[%clk 00:14:56]} {[%emt 00:01:34]} 26. Rf1 {[%clk
00:56:44]} {[%emt 00:05:39]} Ne5 {[%clk 00:12:47]} {[%emt 00:02:40]} 27. Be2
{[%clk 00:53:28]} {[%emt 00:03:45]} Nc6 {[%clk 00:09:35]} {[%emt 00:03:42]} 28.
Rg6 {[%clk 00:51:11]} {[%emt 00:02:47]} Nd4 {[%clk 00:06:18]} {[%emt 00:03:47]}
29. Bc4 {[%clk 00:48:32]} {[%emt 00:03:09]} b5 {[%clk 00:04:14]} {[%emt
00:02:35]} 30. Bd3 {[%clk 00:48:16]} {[%emt 00:00:46]} g4 {[%clk 00:01:59]}
{[%emt 00:02:45]} 31. Kb1 {[%clk 00:47:04]} {[%emt 00:01:42]} a6 {[%clk
00:01:13]} {[%emt 00:01:17]} 32. Be4 {[%clk 00:44:26]} {[%emt 00:03:07]} Nc6
{[%clk 00:00:45]} {[%emt 00:00:59]} 33. f4 {[%clk 00:44:07]} {[%emt 00:00:48]}
Nd4 {[%clk 00:00:53]} {[%emt 00:00:22]} 34. f5 {[%clk 00:33:43]} {[%emt
00:10:54]} Ne2 {[%clk 00:01:00]} {[%emt 00:00:24]} 35. Rxg4 {[%clk 00:31:43]}
{[%emt 00:02:29]} Nxg3 {[%clk 00:01:18]} {[%emt 00:00:13]} 36. Rf2 {[%clk
00:26:30]} {[%emt 00:05:42]} Nxe4 {[%clk 00:00:44]} {[%emt 00:01:05]} 37. Rxe4
{[%clk 00:26:55]} {[%emt 00:00:05]} Rxf5 {[%clk 00:00:52]} {[%emt 00:00:22]} 38.
Rxf5 {[%clk 00:27:14]} {[%emt 00:00:11]} Bxf5 {[%clk 00:01:18]} {[%emt
00:00:05]} 39. Re8+ {[%clk 00:27:34]} {[%emt 00:00:09]} Kd7 {[%clk 00:01:26]}
{[%emt 00:00:23]} 40. Rg8 {[%clk 00:26:24]} {[%emt 00:01:40]} Ke7 {[%clk
00:01:17]} {[%emt 00:00:38]} 41. g4 {[%clk 00:26:25]} {[%emt 00:00:29]} Be6
{[%clk 00:01:27]} {[%emt 00:00:21]} 42. Ra8 {[%clk 00:26:45]} {[%emt 00:00:10]}
Bxg4 {[%clk 00:01:49]} {[%emt 00:00:09]} 43. Rxa6 {[%clk 00:27:08]} {[%emt
00:00:06]} Bf3 {[%clk 00:01:53]} {[%emt 00:00:25]} 44. b4 {[%clk 00:26:38]}
{[%emt 00:01:01]} Kd7 {[%clk 00:01:17]} {[%emt 00:01:06]} 45. c3 {[%clk
00:26:02]} {[%emt 00:01:05]} Bb7 {[%clk 00:00:50]} {[%emt 00:00:57]} 46. Ra5
{[%clk 00:24:56]} {[%emt 00:01:35]} Bc6 {[%clk 00:01:02]} {[%emt 00:00:18]} 47.
Kb2 {[%clk 00:23:52]} {[%emt 00:01:35]} Be5 {[%clk 00:00:47]} {[%emt 00:00:45]}
48. a4 {[%clk 00:23:55]} {[%emt 00:00:27]} Kc8 {[%clk 00:00:49]} {[%emt
00:00:27]} 49. axb5 {[%clk 00:23:29]} {[%emt 00:00:57]} Bd5 {[%clk 00:00:42]}
{[%emt 00:00:37]} 50. b6 {[%clk 00:23:21]} {[%emt 00:00:38]} c6 {[%clk
00:00:52]} {[%emt 00:00:20]} 51. Ra7 {[%clk 00:23:46]} {[%emt 00:00:05]} Bf4
{[%clk 00:00:37]} {[%emt 00:00:44]} 52. Rh7 {[%clk 00:22:59]} {[%emt 00:01:17]}
Be3 {[%clk 00:00:53]} {[%emt 00:00:14]} 53. c4 {[%clk 00:22:23]} {[%emt
00:01:06]} Bxc4 {[%clk 00:00:37]} {[%emt 00:00:46]} 54. Rc7+ {[%clk 00:22:48]}
{[%emt 00:00:05]} Kb8 {[%clk 00:00:53]} {[%emt 00:00:15]} 55. Rxc6 {[%clk
00:23:08]} {[%emt 00:00:09]} Bd4+ {[%clk 00:00:38]} {[%emt 00:00:45]} 56. Ka3
{[%clk 00:23:25]} {[%emt 00:00:13]} Bb5 {[%clk 00:00:46]} {[%emt 00:00:21]} 57.
Rd6 {[%clk 00:23:44]} {[%emt 00:00:12]} Bf2 {[%clk 00:00:38]} {[%emt 00:00:38]}
58. Rd5 {[%clk 00:22:50]} {[%emt 00:01:24]} Bc6 {[%clk 00:00:50]} {[%emt
00:00:19]} 59. Rd6 {[%clk 00:23:08]} {[%emt 00:00:12]} Kb7 {[%clk 00:01:01]}
{[%emt 00:00:20]} 1/2-1/2

[Event "S16 a S20"]
[Site "Cambrils"]
[Date "2023.04.05"]
[Round "7.3"]
[White "Gomez Navais, Marcal"]
[Black "Dominguez Laguna, Eduard"]
[Result "1-0"]
[TimeControl "90'+30\""]
[WhiteFideId "24585505"]
[WhiteElo "2082"]
[BlackElo "1961"]

1. e4 {[%clk 01:30:57]} {[%emt 00:00:02]} e5 {[%clk 01:30:46]} {[%emt
00:00:14]} 2. d4 {[%clk 01:31:09]} {[%emt 00:00:18]} exd4 {[%clk 01:31:06]}
{[%emt 00:00:10]} 3. c3 {[%clk 01:31:30]} {[%emt 00:00:09]} Qe7 {[%clk
01:29:00]} {[%emt 00:02:36]} 4. cxd4 {[%clk 01:30:30]} {[%emt 00:01:31]} Qxe4+
{[%clk 01:29:01]} {[%emt 00:00:29]} 5. Be3 {[%clk 01:30:36]} {[%emt 00:00:24]}
Bb4+ {[%clk 01:23:45]} {[%emt 00:05:46]} 6. Nc3 {[%clk 01:26:56]} {[%emt
00:04:10]} Nf6 {[%clk 01:19:56]} {[%emt 00:04:18]} 7. Nf3 {[%clk 01:25:31]}
{[%emt 00:01:55]} O-O {[%clk 01:18:23]} {[%emt 00:02:04]} 8. Bd3 {[%clk
01:23:52]} {[%emt 00:02:09]} Qg4 {[%clk 01:09:41]} {[%emt 00:09:12]} 9. O-O
{[%clk 01:20:47]} {[%emt 00:03:35]} Bxc3 {[%clk 00:59:29]} {[%emt 00:10:42]} 10.
bxc3 {[%clk 01:17:31]} {[%emt 00:03:46]} d5 {[%clk 00:55:02]} {[%emt 00:04:58]}
11. Qc2 {[%clk 01:12:57]} {[%emt 00:05:04]} Nc6 {[%clk 00:49:35]} {[%emt
00:05:57]} 12. Rfe1 {[%clk 01:06:33]} {[%emt 00:06:53]} h6 {[%clk 00:42:28]}
{[%emt 00:07:37]} 13. Rab1 {[%clk 01:03:47]} {[%emt 00:03:16]} Re8 {[%clk
00:40:14]} {[%emt 00:02:45]} 14. Qb3 {[%clk 00:51:53]} {[%emt 00:12:23]} Rb8
{[%clk 00:36:56]} {[%emt 00:03:48]} 15. Ne5 {[%clk 00:46:55]} {[%emt 00:05:28]}
Nxe5 {[%clk 00:32:50]} {[%emt 00:04:37]} 16. dxe5 {[%clk 00:47:13]} {[%emt
00:00:11]} Rxe5 {[%clk 00:28:25]} {[%emt 00:04:55]} 17. Bxa7 {[%clk 00:43:07]}
{[%emt 00:04:37]} Rxe1+ {[%clk 00:17:21]} {[%emt 00:11:33]} 18. Rxe1 {[%clk
00:43:29]} {[%emt 00:00:07]} Ra8 {[%clk 00:16:25]} {[%emt 00:01:27]} 19. Bd4
{[%clk 00:36:12]} {[%emt 00:07:47]} Qg5 {[%clk 00:10:46]} {[%emt 00:06:09]} 20.
Bxf6 {[%clk 00:28:40]} {[%emt 00:08:02]} gxf6 {[%clk 00:11:01]} {[%emt
00:00:16]} 21. Re3 {[%clk 00:28:39]} {[%emt 00:00:31]} Kh8 {[%clk 00:08:50]}
{[%emt 00:02:40]} 22. Re8+ {[%clk 00:24:37]} {[%emt 00:04:32]} Kg7 {[%clk
00:09:10]} {[%emt 00:00:10]} 23. Qb4 {[%clk 00:19:38]} {[%emt 00:05:29]} Qc1+
{[%clk 00:05:02]} {[%emt 00:04:39]} 24. Bf1 {[%clk 00:20:03]} {[%emt 00:00:05]}
Kg6 {[%clk 00:02:29]} {[%emt 00:03:03]} 25. Qf8 {[%clk 00:17:43]} {[%emt
00:02:50]} Rxa2 {[%clk 00:01:12]} {[%emt 00:01:47]} 26. Qg8+ {[%clk 00:16:47]}
{[%emt 00:01:25]} Kf5 {[%clk 00:00:58]} {[%emt 00:00:43]} 27. Qh7+ {[%clk
00:13:58]} {[%emt 00:03:19]} Kg4 {[%clk 00:01:07]} {[%emt 00:00:21]} 28. h3+
{[%clk 00:11:55]} {[%emt 00:02:33]} Kg5 {[%clk 00:00:54]} {[%emt 00:00:43]} 29.
Rg8+ {[%clk 00:12:04]} {[%emt 00:00:21]} Kh4 {[%clk 00:00:41]} {[%emt
00:00:43]} 30. g3+ {[%clk 00:12:28]} {[%emt 00:00:06]} 1-0

[Event "S16 a S20"]
[Site "Cambrils"]
[Date "2023.04.05"]
[Round "7.4"]
[White "Gonzalez Cobos, Arnau"]
[Black "Lemeshev, Ilya"]
[Result "1-0"]
[TimeControl "90'+30\""]
[WhiteElo "1979"]
[BlackElo "2088"]

1. d4 {[%clk 01:30:57]} {[%emt 00:00:02]} Nf6 {[%clk 01:30:20]} {[%emt
00:00:34]} 2. c4 {[%clk 01:30:45]} {[%emt 00:00:48]} e6 {[%clk 01:30:26]}
{[%emt 00:00:24]} 3. Nf3 {[%clk 01:30:57]} {[%emt 00:00:17]} b6 {[%clk
01:30:43]} {[%emt 00:00:14]} 4. g3 {[%clk 01:30:09]} {[%emt 00:01:18]} Bb7
{[%clk 01:31:00]} {[%emt 00:00:14]} 5. Bg2 {[%clk 01:30:05]} {[%emt 00:00:34]}
Be7 {[%clk 01:31:18]} {[%emt 00:00:11]} 6. Nc3 {[%clk 01:29:34]} {[%emt
00:01:01]} O-O {[%clk 01:30:54]} {[%emt 00:00:54]} 7. O-O {[%clk 01:29:50]}
{[%emt 00:00:14]} Ne4 {[%clk 01:31:09]} {[%emt 00:00:15]} 8. Qc2 {[%clk
01:26:37]} {[%emt 00:03:43]} Nxc3 {[%clk 01:31:20]} {[%emt 00:00:19]} 9. Qxc3
{[%clk 01:26:16]} {[%emt 00:00:51]} d6 {[%clk 01:31:38]} {[%emt 00:00:12]} 10.
Qd3 {[%clk 01:18:12]} {[%emt 00:08:34]} f5 {[%clk 01:31:13]} {[%emt 00:00:55]}
11. Nd2 {[%clk 01:16:07]} {[%emt 00:02:34]} Bxg2 {[%clk 01:29:17]} {[%emt
00:02:26]} 12. Kxg2 {[%clk 01:16:33]} {[%emt 00:00:04]} Bg5 {[%clk 01:21:11]}
{[%emt 00:08:36]} 13. e4 {[%clk 01:06:56]} {[%emt 00:10:07]} Bxd2 {[%clk
01:13:35]} {[%emt 00:08:07]} 14. Bxd2 {[%clk 01:07:13]} {[%emt 00:00:14]} Nc6
{[%clk 01:12:51]} {[%emt 00:01:13]} 15. Bc3 {[%clk 00:51:27]} {[%emt 00:16:16]}
d5 {[%clk 01:05:19]} {[%emt 00:08:03]} 16. f3 {[%clk 00:40:58]} {[%emt
00:10:59]} Qd7 {[%clk 00:58:56]} {[%emt 00:06:53]} 17. Rad1 {[%clk 00:33:56]}
{[%emt 00:07:32]} Rad8 {[%clk 00:57:12]} {[%emt 00:02:14]} 18. b4 {[%clk
00:31:03]} {[%emt 00:03:23]} Ne7 {[%clk 00:48:19]} {[%emt 00:09:22]} 19. b5
{[%clk 00:24:10]} {[%emt 00:07:23]} c6 {[%clk 00:45:29]} {[%emt 00:03:20]} 20.
bxc6 {[%clk 00:17:51]} {[%emt 00:06:49]} fxe4 {[%clk 00:37:26]} {[%emt
00:08:34]} 21. fxe4 {[%clk 00:15:00]} {[%emt 00:03:21]} Nxc6 {[%clk 00:37:21]}
{[%emt 00:00:35]} 22. cxd5 {[%clk 00:14:34]} {[%emt 00:00:56]} exd5 {[%clk
00:36:44]} {[%emt 00:01:08]} 23. e5 {[%clk 00:14:58]} {[%emt 00:00:06]} Rc8
{[%clk 00:34:40]} {[%emt 00:02:34]} 24. h3 {[%clk 00:08:49]} {[%emt 00:06:39]}
b5 {[%clk 00:30:36]} {[%emt 00:04:34]} 25. a3 {[%clk 00:07:16]} {[%emt
00:02:02]} a6 {[%clk 00:28:42]} {[%emt 00:02:24]} 26. g4 {[%clk 00:05:32]}
{[%emt 00:02:14]} Qe7 {[%clk 00:28:24]} {[%emt 00:00:47]} 27. Bd2 {[%clk
00:04:50]} {[%emt 00:01:12]} Qa7 {[%clk 00:25:49]} {[%emt 00:03:06]} 28. Bc3
{[%clk 00:03:48]} {[%emt 00:01:33]} Qe7 {[%clk 00:22:45]} {[%emt 00:03:34]} 29.
Bd2 {[%clk 00:04:02]} {[%emt 00:00:16]} Qe6 {[%clk 00:21:17]} {[%emt 00:01:57]}
30. Kg3 {[%clk 00:02:27]} {[%emt 00:02:06]} a5 {[%clk 00:20:53]} {[%emt
00:00:54]} 31. Rf5 {[%clk 00:01:50]} {[%emt 00:01:07]} g6 {[%clk 00:20:37]}
{[%emt 00:00:47]} 32. Rxf8+ {[%clk 00:01:16]} {[%emt 00:01:03]} Rxf8 {[%clk
00:18:47]} {[%emt 00:02:20]} 33. Bh6 {[%clk 00:01:43]} {[%emt 00:00:03]} Rb8
{[%clk 00:17:51]} {[%emt 00:01:26]} 34. Rf1 {[%clk 00:02:09]} {[%emt 00:00:04]}
Qe7 {[%clk 00:15:22]} {[%emt 00:02:58]} 35. Rf6 {[%clk 00:01:35]} {[%emt
00:01:05]} Qe8 {[%clk 00:09:46]} {[%emt 00:06:06]} 36. Rf8+ {[%clk 00:01:21]}
{[%emt 00:00:44]} 1-0